[Event "Pula op 28th"]
[Site "Pula"]
[Date "2014.06.09"]
[Round "3"]
[White "Bontempi, Piero"]
[Black "Kolesar, Milan"]
[Result "1-0"]
[WhiteElo "2361"]
[BlackElo "2176"]
[PlyCount "71"]
[EventDate "2014.06.07"]
[EventType "swiss"]
[EventRounds "9"]
[EventCountry "CRO"]
[SourceTitle "CBM 160 Extra"]
[Source "ChessBase"]
[SourceDate "2014.07.01"]
[SourceVersion "1"]
[SourceVersionDate "2014.07.01"]
[SourceQuality "1"]

1. e4 c5 2. b3 Nc6 3. Bb2 Nf6 4. e5 Nd5 5. Nf3 d6 6. Bb5 Bg4 7. h3 Bh5 8. Na3 Nc7 9. Bxc6+ bxc6 10. Nc4 d5 11. Ne3 e6 12. c4 Be7 13. d3 0-0 14. Qe2 a5 15. 0-0 Na6 16. Rfd1 Bg6 17. g4 a4 18. bxa4 Qa5 19. Ng2 Qxa4 20. Nf4 Rfb8 21. Rd2 Rb7 22. Kh2 Rab8 23. a3 Rb3 24. h4 h6 25. Rg1 Qa5 26. Rg3 Qb6 27. Bc1 Rb1 28. Rd1 Qc7 29. h5 Bh7 30. Rdg1 Kh8 31. g5 Bf5 32. gxh6 gxh6 33. Qd2 dxc4 34. Nxe6 Bg5 35. Nexg5 hxg5 36. Qxg5 1-0

[Event "Split op 3rd"]
[Site "Split"]
[Date "2013.08.16"]
[Round "7"]
[White "Bontempi, Piero"]
[Black "Blazeka, Matej"]
[Result "1/2-1/2"]
[WhiteElo "2376"]
[BlackElo "2282"]
[PlyCount "59"]
[EventDate "2013.08.10"]
[EventType "swiss"]
[EventRounds "9"]
[EventCountry "CRO"]
[SourceTitle "CBM 155 Extra"]
[Source "ChessBase"]
[SourceDate "2013.08.26"]
[SourceVersion "1"]
[SourceVersionDate "2013.08.26"]
[SourceQuality "1"]

1. e4 e5 2. Nf3 Nc6 3. Bc4 Bc5 4. b4 Bxb4 5. c3 Bd6 6. d4 Nf6 7. 0-0 0-0 8. Re1 h6 9. Nbd2 Re8 10. Qb3 Qe7 11. a4 Nh7 12. a5 b6 13. Bd5 Rb8 14. Nc4 exd4 15. Nxd6 cxd6 16. cxd4 bxa5 17. Qa3 Nb4 18. Qxa5 Nc2 19. Qxa7 Nxe1 20. Qxb8 Nxf3+ 21. gxf3 Nf6 22. Bb3 Nxe4 23. Qb5 Nc3 24. Qh5 Ne2+ 25. Kg2 Nxc1 26. Rxc1 d5 27. Bxd5 d6 28. Rc3 Qf6 29. Re3 Be6 30. Re4 1/2-1/2

[Event "Split op 3rd"]
[Site "Split"]
[Date "2013.08.13"]
[Round "4"]
[White "Jeran, Bostjan"]
[Black "Bontempi, Piero"]
[Result "0-1"]
[WhiteElo "2226"]
[BlackElo "2376"]
[PlyCount "80"]
[EventDate "2013.08.10"]
[EventType "swiss"]
[EventRounds "9"]
[EventCountry "CRO"]
[SourceTitle "CBM 155 Extra"]
[Source "ChessBase"]
[SourceDate "2013.08.26"]
[SourceVersion "1"]
[SourceVersionDate "2013.08.26"]
[SourceQuality "1"]

1. Nf3 d5 2. c4 d4 3. b4 Nf6 4. Bb2 c5 5. g3 Nc6 6. bxc5 e5 7. Bg2 Bxc5 8. d3 0-0 9. 0-0 Bf5 10. Ba3 Nd7 11. Nfd2 Bxa3 12. Nxa3 Nc5 13. Rb1 Qe7 14. Qc1 Na4 15. Re1 Rab8 16. Nc2 Nc3 17. Rb2 Qd7 18. Nb1 Na4 19. Rb5 Qc7 20. Qa3 a6 21. Rb3 b5 22. Rc1 Na5 23. Rb4 Rfc8 24. Na1 Qc5 25. h4 Bd7 26. Kh2 bxc4 27. Rxa4 Bxa4 28. Qxa4 Qb4 29. Qxb4 Rxb4 30. dxc4 Rbxc4 31. Rxc4 Rxc4 32. Be4 Rb4 33. Kg2 Rb2 34. Kf3 Rxa2 35. Nc2 Nc4 36. Bd3 Nd6 37. Nba3 a5 38. e3 f5 39. e4 Rb2 40. exf5 Rb3 0-1

[Event "Split op 2nd"]
[Site "Split"]
[Date "2012.08.13"]
[Round "3"]
[White "Farkas, Tibor"]
[Black "Bontempi, Piero"]
[Result "1/2-1/2"]
[WhiteElo "2253"]
[BlackElo "2347"]
[PlyCount "53"]
[EventDate "2012.08.11"]
[EventType "swiss"]
[EventRounds "9"]
[EventCountry "CRO"]
[SourceTitle "CBM 149 Extra"]
[Source "ChessBase"]
[SourceDate "2012.08.24"]
[SourceVersion "1"]
[SourceVersionDate "2012.08.24"]
[SourceQuality "1"]

1. e4 c5 2. Nf3 Nc6 3. d4 cxd4 4. Nxd4 g6 5. c4 Nf6 6. Nc3 Nxd4 7. Qxd4 d6 8. Be2 Bg7 9. Bg5 0-0 10. Qd2 a5 11. f3 a4 12. Rc1 Qa5 13. Rc2 Be6 14. Nd5 Rfe8 15. 0-0 Qxd2 16. Bxd2 Nxd5 17. cxd5 Bd4+ 18. Kh1 Rec8 19. Rfc1 Rxc2 20. Rxc2 Rc8 21. Rxc8+ Bxc8 22. Bb5 Bxb2 23. Bxa4 Bd4 24. g4 Kg7 25. Kg2 h6 26. h4 h5 27. g5 1/2-1/2

[Event "Zagreb op-A"]
[Site "Zagreb"]
[Date "2012.03.07"]
[Round "3"]
[White "Meier, Volker"]
[Black "Bontempi, Piero"]
[Result "0-1"]
[WhiteElo "2272"]
[BlackElo "2332"]
[PlyCount "78"]
[EventDate "2012.03.05"]
[EventType "swiss"]
[EventRounds "9"]
[EventCountry "CRO"]
[SourceTitle "CBM 147 Extra"]
[Source "ChessBase"]
[SourceDate "2012.04.24"]
[SourceVersion "1"]
[SourceVersionDate "2012.04.24"]
[SourceQuality "1"]

1. e4 c5 2. Nf3 d6 3. Bb5+ Nd7 4. c3 Ngf6 5. Qe2 a6 6. Ba4 e6 7. 0-0 Be7 8. d4 cxd4 9. cxd4 d5 10. e5 Ne4 11. Bc2 Nb6 12. Bxe4 dxe4 13. Qxe4 Bd7 14. Qg4 Kf8 15. Nc3 h5 16. Qg3 h4 17. Qg4 h3 18. gxh3 Bc6 19. Be3 f5 20. exf6 gxf6 21. Ng5 fxg5 22. f4 Ke8 23. fxg5 Qd7 24. Rae1 Nd5 25. g6 Nxc3 26. g7 Rg8 27. bxc3 Qd5 28. Bh6 Qh1+ 29. Kf2 Qxh2+ 30. Ke3 Kd7 31. Re2 Qd6 32. c4 Qa3+ 33. Kf2 Raf8+ 34. Bf4 Rxf4+ 35. Qxf4 Rxg7 36. Rg1 Rxg1 37. Kxg1 Qxh3 38. Rh2 Qd3 39. d5 exd5 0-1

[Event "Mantova op-A 2nd"]
[Site "Mantova"]
[Date "2012.01.06"]
[Round "7"]
[White "Mrdja, Milan"]
[Black "Bontempi, Piero"]
[Result "1/2-1/2"]
[WhiteElo "2389"]
[BlackElo "2336"]
[PlyCount "20"]
[EventDate "2012.01.02"]
[EventType "swiss"]
[EventRounds "9"]
[EventCountry "ITA"]
[SourceTitle "CBM 146 Extra"]
[Source "ChessBase"]
[SourceDate "2012.02.29"]
[SourceVersion "1"]
[SourceVersionDate "2012.02.29"]
[SourceQuality "1"]

1. Nf3 d5 2. g3 Nf6 3. Bg2 Bf5 4. 0-0 e6 5. d3 h6 6. Nbd2 Be7 7. Qe1 0-0 8. e4 Bh7 9. Qe2 c5 10. Re1 Nc6 1/2-1/2

[Event "Split op 1st"]
[Site "Split"]
[Date "2011.08.12"]
[Round "8"]
[White "Bontempi, Piero"]
[Black "Kuljasevic, Davorin"]
[Result "0-1"]
[WhiteElo "2325"]
[BlackElo "2555"]
[PlyCount "90"]
[EventDate "2011.08.05"]
[EventType "swiss"]
[EventRounds "9"]
[EventCountry "CRO"]
[SourceTitle "CBM 143 Extra"]
[Source "ChessBase"]
[SourceDate "2011.08.29"]
[SourceVersion "1"]
[SourceVersionDate "2011.08.29"]
[SourceQuality "1"]

1. e4 e5 2. Nf3 Nc6 3. d3 Nf6 4. Be2 d5 5. Nbd2 Bc5 6. c3 a5 7. b3 0-0 8. 0-0 Re8 9. a3 b6 10. Bb2 Bd6 11. Re1 Bb7 12. Bf1 dxe4 13. dxe4 Ne7 14. Qc2 Ng6 15. Nc4 Bf8 16. Rad1 Qc8 17. h3 Bc6 18. Rc1 Qb7 19. Ncd2 h6 20. b4 Bd7 21. Kh2 Qc6 22. g3 Nh7 23. Qb3 Qf6 24. Kg1 Be6 25. Qd1 Red8 26. Qe2 c5 27. bxc5 Bxc5 28. c4 Ng5 29. Kh2 Bxf2 30. Red1 Bc5 31. Bg2 Qe7 32. Rc3 Nxf3+ 33. Rxf3 Rd7 34. Rdf1 Rad8 35. Bc1 Rd4 36. Rf5 f6 37. Qh5 Nf8 38. Nf3 Bxf5 39. exf5 Rd1 40. Rxd1 Rxd1 41. Nxe5 Rxc1 42. Bd5+ Kh7 43. Qg6+ Nxg6 44. fxg6+ Kh8 45. Nf7+ Qxf7 0-1

[Event "ITA-chT 43rd"]
[Site "Spoleto"]
[Date "2011.04.28"]
[Round "2"]
[White "Bontempi, Piero"]
[Black "Manca, Federico"]
[Result "0-1"]
[WhiteElo "2351"]
[BlackElo "2399"]
[PlyCount "72"]
[EventDate "2011.04.28"]
[EventType "team"]
[EventRounds "7"]
[EventCountry "ITA"]
[SourceTitle "EXT 2012"]
[Source "ChessBase"]
[SourceDate "2011.11.24"]
[SourceVersion "1"]
[SourceVersionDate "2011.11.24"]
[SourceQuality "1"]
[WhiteTeam "Ancona"]
[BlackTeam "Vimar Marostica"]
[WhiteTeamCountry "ITA"]
[BlackTeamCountry "ITA"]

1. e4 d6 2. d4 Nf6 3. Nc3 g6 4. Nf3 Bg7 5. Be2 0-0 6. 0-0 Bg4 7. Be3 Nc6 8. d5 Bxf3 9. Bxf3 Ne5 10. Be2 c5 11. a4 Qa5 12. Ra3 a6 13. f4 Ned7 14. Qe1 c4 15. Qg3 Nc5 16. Qf3 Rab8 17. Rb1 Qc7 18. a5 Rbc8 19. g4 Rb8 20. Qg2 Rbc8 21. h4 Nfd7 22. h5 b5 23. axb6 Qxb6 24. g5 Qb4 25. hxg6 hxg6 26. Kf2 Rfe8 27. Ra2 Bxc3 28. bxc3 Qxb1 29. Bd4 Qxa2 30. Qh1 Nf6 31. gxf6 exf6 32. e5 dxe5 33. fxe5 fxe5 34. Be3 Qxc2 35. Qh6 Nd3+ 36. Kf3 e4+ 0-1

[Event "ITA-chT 43rd"]
[Site "Spoleto"]
[Date "2011.04.28"]
[Round "1"]
[White "Efimov, Igor"]
[Black "Bontempi, Piero"]
[Result "1-0"]
[WhiteElo "2415"]
[BlackElo "2351"]
[PlyCount "85"]
[EventDate "2011.04.28"]
[EventType "team"]
[EventRounds "7"]
[EventCountry "ITA"]
[SourceTitle "EXT 2012"]
[Source "ChessBase"]
[SourceDate "2011.11.24"]
[SourceVersion "1"]
[SourceVersionDate "2011.11.24"]
[SourceQuality "1"]
[WhiteTeam "Oiettivo Risarcimento"]
[BlackTeam "Ancona"]
[WhiteTeamCountry "ITA"]
[BlackTeamCountry "ITA"]

1. d4 d5 2. Nf3 Bf5 3. g3 e6 4. Bg2 Nf6 5. 0-0 Be7 6. c4 Nc6 7. Ne5 Nxe5 8. dxe5 Ne4 9. cxd5 exd5 10. Qb3 Rb8 11. Be3 b6 12. Nc3 Nxc3 13. bxc3 c6 14. c4 dxc4 15. Bxc6+ Kf8 16. Qxc4 Rc8 17. Qa4 h5 18. Rac1 Qc7 19. Qf4 g6 20. Be4 Qd7 21. Bxf5 gxf5 22. Rxc8+ Qxc8 23. Rc1 Qe6 24. Qc4 Qg6 25. Qd5 Kg7 26. Qd7 f4 27. Bxf4 Bc5 28. h4 Rg8 29. Rd1 Kh7 30. Qd3 Rc8 31. Qxg6+ Kxg6 32. Rd7 b5 33. Kg2 a5 34. Rb7 b4 35. Rb5 a4 36. Bd2 a3 37. Kf3 Bf8 38. Bxb4 Bxb4 39. Rxb4 Rc2 40. Rb6+ Kf5 41. Ra6 Rxa2 42. e4+ Kxe5 43. Ke3 1-0